000 01197cam a22002651a 4500
001 6906415
003 ARRUPE
005 20220406090052.0
008 750424s1938 enk 000 0 eng
010 _a 39011594
035 _a(OCoLC)1296078
040 _aDLC
_cFO
_dOCoLC
_dPPiU
_dDLC
050 0 0 _aPA2087
_b.A682 1938
082 _a478.242
245 1 0 _aBradley's Arnold :
_bLatin prose composition /
_cedited and revised, with an appendix o by Sir James Mountford.
260 _aLondon ;
_aNew York :
_bBristol Classical Press,
_c1993.
300 _axi, 443 p.
_c19 cm.
500 _a"The original edition of this book was by Thomas Kerchever Arnold. Dr. G. G. Bradley ... revised this so thoroughly that it was known as 'Bradley's Arnold' for many years. Now Prof. Mountford has edited and revised 'Bradley's Arnold' in accordance with present day practice."--p. viii.
650 0 _aLatin language
_xComposition and exercises.
_951204
700 1 _aBradley, George Granville,
_d1821-1903.
_951205
700 1 _aMountford, J. F.
_q(James Frederick),
_d1897-
_951206
740 0 _aLatin prose composition.
906 _a7
_bcbc
_coclcrpl
_du
_encip
_f19
_gy-gencatlg
942 _2lcc
_cMONOGRAPH
999 _c131250
_d131250